[Event "PervenstvoRT2015"]
[Site "?"]
[Date "2015.08.25"]
[Round "6.3"]
[White "Timur, Khubbatov"]
[Black "Ildus, Galimov"]
[Result "1/2-1/2"]
[LiveChessVersion "1.4.6"]
[BlackElo "1923"]
[WhiteElo "1913"]

1. d4 {[%clk 1:30:57]} d6 {[%clk 1:30:37]} 2. Nf3 {[%clk 1:31:19]} Nf6
{[%clk 1:30:55]} 3. c4 {[%clk 1:31:44]} c6 {[%clk 1:31:13]} 4. Nc3
{[%clk 1:32:09]} Bg4 5. g3 {[%clk 1:22:29]} Nbd7 {[%clk 1:08:13]} 6. Bg2
{[%clk 1:22:53]} e5 {[%clk 1:08:31]} 7. O-O {[%clk 1:21:14]} Be7 {[%clk 1:07:52]}
8. b3 {[%clk 1:06:45]} O-O {[%clk 1:03:56]} 9. Bb2 {[%clk 1:06:13]} e4
{[%clk 0:59:18]} 10. Nd2 {[%clk 0:59:40]} d5 {[%clk 0:59:29]} 11. cxd5
{[%clk 0:56:01]} cxd5 {[%clk 0:59:56]} 12. f3 {[%clk 0:55:48]} exf3
{[%clk 0:54:08]} 13. exf3 {[%clk 0:55:07]} Bf5 {[%clk 0:49:22]} 14. Rc1
{[%clk 0:49:21]} Rc8 {[%clk 0:47:50]} 15. Re1 {[%clk 0:47:45]} Re8
{[%clk 0:46:11]} 16. Nf1 {[%clk 0:39:06]} Nb6 {[%clk 0:31:23]} 17. Ne3
{[%clk 0:37:10]} Bg6 {[%clk 0:31:44]} 18. Bh3 {[%clk 0:19:44]} Rc6
{[%clk 0:29:49]} 19. Nf5 {[%clk 0:19:29]} Bb4 {[%clk 0:27:42]} 20. a3
{[%clk 0:18:31]} Bf8 {[%clk 0:25:43]} 21. Kf2 {[%clk 0:10:39]} Bxf5
{[%clk 0:24:03]} 22. Bxf5 {[%clk 0:11:05]} g6 {[%clk 0:24:29]} 23. Bh3
{[%clk 0:10:51]} Rc7 {[%clk 0:21:57]} 24. Rc2 {[%clk 0:09:50]} Rce7
{[%clk 0:18:20]} 25. Rce2 {[%clk 0:10:01]} Bg7 {[%clk 0:17:12]} 26. Rxe7
{[%clk 0:09:55]} Rxe7 {[%clk 0:17:41]} 27. Rxe7 {[%clk 0:10:15]} Qxe7
{[%clk 0:18:07]} 28. Qe2 {[%clk 0:10:28]} Kf8 1/2-1/2

[Event "PervenstvoRT2015"]
[Site "?"]
[Date "2015.08.25"]
[Round "6.4"]
[White "Roman, Pirmamedov"]
[Black "Mikhail, Galiullin"]
[Result "0-1"]
[LiveChessVersion "1.4.6"]
[BlackElo "2110"]
[WhiteElo "1848"]

1. e4 {[%clk 1:30:59]} g6 {[%clk 1:30:41]} 2. d4 {[%clk 1:31:26]} Bg7
{[%clk 1:31:03]} 3. Nc3 {[%clk 1:31:53]} d6 {[%clk 1:31:23]} 4. g3
{[%clk 1:32:16]} Nf6 {[%clk 1:30:47]} 5. Bg2 {[%clk 1:32:41]} O-O
{[%clk 1:31:06]} 6. Nge2 {[%clk 1:33:08]} Nbd7 {[%clk 1:30:58]} 7. h3
{[%clk 1:33:27]} e5 {[%clk 1:29:52]} 8. Bg5 {[%clk 1:33:24]} c6 {[%clk 1:26:05]}
9. Qd2 {[%clk 1:32:10]} Re8 {[%clk 1:26:00]} 10. O-O-O {[%clk 1:32:09]} Qa5
{[%clk 1:23:52]} 11. dxe5 {[%clk 1:23:03]} dxe5 {[%clk 1:24:03]} 12. Kb1
{[%clk 1:19:33]} b5 {[%clk 1:12:50]} 13. Bxf6 {[%clk 1:14:14]} Nxf6
{[%clk 1:12:18]} 14. Nd5 {[%clk 1:14:09]} Qxd2 {[%clk 1:07:49]} 15. Nxf6+
{[%clk 1:14:34]} Bxf6 {[%clk 1:08:15]} 16. Rxd2 {[%clk 1:15:00]} Be6
{[%clk 1:07:56]} 17. f4 {[%clk 1:14:44]} Rad8 {[%clk 1:02:54]} 18. Rhd1
{[%clk 1:14:32]} Bc4 {[%clk 1:01:43]} 19. Nc1 {[%clk 1:13:34]} Rxd2
{[%clk 0:50:42]} 20. Rxd2 {[%clk 1:13:52]} Kg7 {[%clk 0:47:33]} 21. b3
{[%clk 1:13:52]} Be6 {[%clk 0:47:51]} 22. Nd3 {[%clk 1:11:48]} Rd8
{[%clk 0:44:10]} 23. Re2 {[%clk 1:09:07]} exf4 {[%clk 0:43:44]} 24. e5
{[%clk 1:07:41]} Be7 {[%clk 0:43:35]} 25. gxf4 {[%clk 1:06:08]} c5
{[%clk 0:43:50]} 26. Nb2 {[%clk 0:56:00]} c4 {[%clk 0:41:49]} 27. Bc6
{[%clk 0:55:22]} Bxh3 {[%clk 0:41:00]} 28. Bxb5 {[%clk 0:55:29]} cxb3
{[%clk 0:41:20]} 29. axb3 {[%clk 0:55:42]} Bf1 {[%clk 0:41:43]} 0-1

[Event "PervenstvoRT2015"]
[Site "?"]
[Date "2015.08.25"]
[Round "6.5"]
[White "Albert, Suleimanov"]
[Black "Anastasia, Kozina"]
[Result "1-0"]
[LiveChessVersion "1.4.6"]
[BlackElo "2105"]
[WhiteElo "1930"]

1. d4 {[%clk 1:30:59]} e6 {[%clk 1:30:53]} 2. c4 {[%clk 1:31:23]} Nf6
{[%clk 1:31:18]} 3. g3 {[%clk 1:31:43]} d5 {[%clk 1:31:40]} 4. Nf3
{[%clk 1:32:08]} Be7 {[%clk 1:32:02]} 5. Bg2 {[%clk 1:32:30]} O-O
{[%clk 1:32:26]} 6. O-O {[%clk 1:32:30]} dxc4 {[%clk 1:32:51]} 7. Ne5
{[%clk 1:32:52]} Nc6 {[%clk 1:33:14]} 8. Bxc6 {[%clk 1:33:13]} bxc6
{[%clk 1:33:39]} 9. Nxc6 {[%clk 1:33:37]} Qd6 {[%clk 1:34:00]} 10. Qa4
{[%clk 1:33:53]} Bb7 {[%clk 1:28:42]} 11. Nxe7+ {[%clk 1:33:55]} Qxe7
{[%clk 1:29:06]} 12. Qxc4 {[%clk 1:31:27]} e5 {[%clk 1:27:40]} 13. dxe5
{[%clk 1:30:57]} Qxe5 {[%clk 1:28:03]} 14. Nc3 {[%clk 1:31:16]} Rad8
{[%clk 1:23:09]} 15. Bf4 {[%clk 1:23:32]} Qh5 {[%clk 1:23:01]} 16. f3
{[%clk 1:23:27]} c5 {[%clk 1:20:15]} 17. Rad1 {[%clk 1:19:29]} h6
{[%clk 1:18:59]} 18. Bd6 {[%clk 1:09:03]} Rfe8 {[%clk 1:17:43]} 19. Qxc5
{[%clk 1:08:43]} Qh3 {[%clk 1:18:01]} 20. Qb4 {[%clk 1:07:17]} Ba6
{[%clk 1:14:40]} 21. Rd2 {[%clk 0:53:02]} Qe6 {[%clk 1:06:53]} 22. Rfd1
{[%clk 0:48:11]} Bc8 {[%clk 1:01:12]} 23. Bc5 {[%clk 0:40:09]} Rxd2
{[%clk 1:01:34]} 24. Rxd2 {[%clk 0:40:35]} a6 {[%clk 1:01:45]} 25. Bf2
{[%clk 0:38:05]} Qf5 {[%clk 1:00:31]} 26. Qc5 {[%clk 0:36:15]} Qh3
{[%clk 0:59:34]} 27. Qc7 {[%clk 0:32:35]} Kh7 {[%clk 0:58:26]} 28. Qxf7
{[%clk 0:30:46]} Re5 {[%clk 0:56:06]} 29. e4 {[%clk 0:26:03]} Rg5
{[%clk 0:52:39]} 30. f4 {[%clk 0:20:11]} Be6 {[%clk 0:41:16]} 31. Qc7
{[%clk 0:20:33]} Ng4 {[%clk 0:39:44]} 32. fxg5 {[%clk 0:15:38]} Nxh2
{[%clk 0:40:04]} 33. Bd4 {[%clk 0:13:59]} Nf3+ {[%clk 0:40:27]} 34. Kf2
{[%clk 0:14:26]} Nxd4 {[%clk 0:40:16]} 35. g6+ {[%clk 0:12:50]} Kxg6
{[%clk 0:40:37]} 36. Rxd4 {[%clk 0:13:13]} Qh2+ {[%clk 0:40:55]} 37. Ke3
{[%clk 0:13:12]} Bg4 {[%clk 0:40:06]} 38. Rd2 {[%clk 0:12:42]} Qg1+
{[%clk 0:40:19]} 39. Kd3 {[%clk 0:13:02]} Qc1 {[%clk 0:39:56]} 40. Qf4
{[%clk 0:12:14]} h5 {[%clk 0:39:10]} 41. Rc2 {[%clk 0:10:18]} Qh1
{[%clk 0:38:40]} 42. Rf2 {[%clk 0:09:29]} Kh7 {[%clk 0:38:37]} 43. e5
{[%clk 0:08:30]} Qg1 {[%clk 0:38:28]} 44. Kc2 {[%clk 0:08:19]} Kg8
{[%clk 0:37:18]} 45. Qc4+ {[%clk 0:07:49]} Kh7 {[%clk 0:37:31]} 46. Qe4+
{[%clk 0:07:43]} Kg8 {[%clk 0:37:32]} 47. Rd2 {[%clk 0:06:27]} Qb6
{[%clk 0:37:22]} 48. b3 {[%clk 0:05:25]} g6 {[%clk 0:36:12]} 49. Kb2
{[%clk 0:04:29]} Bf5 {[%clk 0:36:33]} 50. Qd5+ {[%clk 0:04:45]} Kg7
{[%clk 0:36:43]} 51. e6 {[%clk 0:04:50]} 1-0

[Event "PervenstvoRT2015"]
[Site "?"]
[Date "2015.08.25"]
[Round "6.6"]
[White "Imanuil, Peisakhov"]
[Black "Bulat, Nizamov"]
[Result "0-1"]
[LiveChessVersion "1.4.6"]
[BlackElo "2117"]
[WhiteElo "1897"]

1. e4 {[%clk 1:30:30]} e5 {[%clk 1:21:25]} 2. Nf3 {[%clk 1:30:57]} Nc6
{[%clk 1:21:49]} 3. Bb5 Nf6 {[%clk 1:22:03]} 4. d3 {[%clk 1:31:41]} d6
{[%clk 1:22:04]} 5. h3 {[%clk 1:30:51]} a6 {[%clk 1:21:43]} 6. Ba4
{[%clk 1:29:41]} b5 {[%clk 1:21:59]} 7. Bb3 {[%clk 1:30:10]} Na5 {[%clk 1:22:02]}
8. Nc3 {[%clk 1:28:14]} Bb7 {[%clk 1:20:51]} 9. Ne2 {[%clk 1:19:02]} c5
{[%clk 1:19:42]} 10. c3 {[%clk 1:17:54]} Nxb3 {[%clk 1:19:56]} 11. axb3
{[%clk 1:18:21]} g6 {[%clk 1:20:01]} 12. c4 {[%clk 1:17:06]} Bg7 {[%clk 1:19:47]}
13. Nc3 {[%clk 1:15:42]} Qd7 {[%clk 1:18:44]} 14. Nd5 {[%clk 1:13:58]} Nxd5 15.
exd5 {[%clk 1:11:27]} h6 {[%clk 1:17:33]} 16. Qd2 {[%clk 1:06:18]} b4
{[%clk 1:17:39]} 17. Qe2 {[%clk 1:05:56]} Qe7 {[%clk 1:16:59]} 18. Nd2
{[%clk 1:02:04]} f5 {[%clk 1:16:23]} 19. f3 {[%clk 1:00:18]} Bf6 {[%clk 1:14:59]}
20. Nf1 {[%clk 0:59:03]} h5 {[%clk 1:12:44]} 21. Kd1 {[%clk 0:56:03]} a5
{[%clk 1:10:06]} 22. Be3 {[%clk 0:54:36]} Bc8 {[%clk 1:09:00]} 23. Kc2
{[%clk 0:54:15]} Bd7 {[%clk 1:08:50]} 24. Nd2 {[%clk 0:54:09]} Kf7
{[%clk 1:05:28]} 25. g4 {[%clk 0:52:02]} a4 {[%clk 1:03:39]} 26. gxf5
{[%clk 0:45:24]} gxf5 {[%clk 1:03:12]} 27. Rhg1 {[%clk 0:43:57]} axb3+
{[%clk 1:01:58]} 28. Nxb3 {[%clk 0:43:38]} Ba4 {[%clk 1:00:23]} 29. Qg2
{[%clk 0:32:57]} Rhg8 {[%clk 0:59:39]} 30. Qh2 {[%clk 0:32:02]} Qd7
{[%clk 0:57:40]} 31. Qh1 Rxg1 {[%clk 0:56:35]} 32. Qxg1 {[%clk 0:22:59]} f4
{[%clk 0:56:32]} 33. Bd2 {[%clk 0:20:36]} Qf5 {[%clk 0:55:00]} 34. Qf1
{[%clk 0:13:21]} Bxb3+ {[%clk 0:54:35]} 35. Kxb3 {[%clk 0:13:36]} Rxa1
{[%clk 0:54:56]} 36. Qxa1 {[%clk 0:13:58]} Qxd3+ {[%clk 0:55:21]} 37. Bc3
{[%clk 0:14:26]} bxc3 {[%clk 0:55:13]} 38. bxc3 {[%clk 0:14:21]} e4
{[%clk 0:54:48]} 0-1

[Event "PervenstvoRT2015"]
[Site "?"]
[Date "2015.08.25"]
[Round "6.7"]
[White "Darya, Kuznetsova"]
[Black "Ainur, Garafutdinov"]
[Result "1-0"]
[LiveChessVersion "1.4.6"]
[BlackElo "1946"]
[WhiteElo "1918"]

1. e4 {[%clk 1:30:58]} e5 {[%clk 1:30:58]} 2. Nf3 {[%clk 1:31:21]} Nc6
{[%clk 1:31:25]} 3. Bb5 {[%clk 1:31:40]} Nf6 {[%clk 1:31:52]} 4. d3
{[%clk 1:32:03]} Bc5 {[%clk 1:29:01]} 5. O-O {[%clk 1:32:21]} d6 {[%clk 1:29:14]}
6. c3 {[%clk 1:32:43]} O-O {[%clk 1:27:41]} 7. Re1 {[%clk 1:30:13]} Bb6
{[%clk 1:23:14]} 8. h3 {[%clk 1:29:42]} Ne7 {[%clk 1:18:40]} 9. Ba4
{[%clk 1:29:20]} Ng6 {[%clk 1:14:45]} 10. Nbd2 {[%clk 1:23:31]} c6
{[%clk 1:13:29]} 11. d4 {[%clk 1:15:40]} Bc7 {[%clk 1:11:10]} 12. Nf1
{[%clk 1:10:46]} h6 {[%clk 1:03:57]} 13. Ng3 {[%clk 1:07:01]} Re8
{[%clk 0:55:44]} 14. Bc2 {[%clk 0:32:30]} Nh7 {[%clk 0:47:57]} 15. c4
{[%clk 0:26:04]} Nh4 {[%clk 0:37:32]} 16. d5 {[%clk 0:20:44]} c5 {[%clk 0:36:50]}
17. a3 {[%clk 0:18:48]} Qf6 {[%clk 0:30:12]} 18. Re3 {[%clk 0:13:15]} Bd8
{[%clk 0:13:49]} 19. Nxh4 {[%clk 0:07:50]} Qxh4 {[%clk 0:14:12]} 20. Nf5
{[%clk 0:05:47]} Bxf5 {[%clk 0:14:02]} 21. exf5 {[%clk 0:06:14]} Qxc4
{[%clk 0:13:50]} 22. Re4 {[%clk 0:06:11]} Qa6 {[%clk 0:13:51]} 23. Rg4
{[%clk 0:05:44]} Nf6 {[%clk 0:13:46]} 24. Bxh6 {[%clk 0:04:05]} Nxg4
{[%clk 0:06:18]} 25. Qxg4 {[%clk 0:04:24]} g6 {[%clk 0:06:42]} 26. fxg6
{[%clk 0:03:52]} f6 {[%clk 0:07:11]} 27. Bf5 {[%clk 0:03:05]} 1-0

[Event "PervenstvoRT2015"]
[Site "?"]
[Date "2015.08.25"]
[Round "6.8"]
[White "Ilya, Krasov"]
[Black "Bogdan, Bogatov"]
[Result "1-0"]
[LiveChessVersion "1.4.6"]
[BlackElo "1660"]
[WhiteElo "1798"]

1. d4 {[%clk 1:30:58]} Nf6 {[%clk 1:30:44]} 2. c4 {[%clk 1:31:23]} e6
{[%clk 1:31:12]} 3. g3 {[%clk 1:31:48]} b6 {[%clk 1:25:43]} 4. Bg2
{[%clk 1:31:59]} d5 {[%clk 1:25:42]} 5. Nf3 {[%clk 1:32:16]} Bb7 {[%clk 1:25:54]}
6. O-O {[%clk 1:32:10]} Be7 {[%clk 1:24:15]} 7. Nc3 {[%clk 1:32:23]} O-O
{[%clk 1:24:23]} 8. Ne5 {[%clk 1:31:46]} c6 {[%clk 1:17:52]} 9. e4
{[%clk 1:30:55]} dxc4 10. Nxc4 {[%clk 1:30:52]} Ba6 {[%clk 1:05:28]} 11. b3
{[%clk 1:29:33]} b5 {[%clk 1:04:42]} 12. Ne5 {[%clk 1:29:35]} b4 {[%clk 1:05:03]}
13. Ne2 {[%clk 1:30:00]} Bxe2 {[%clk 1:05:18]} 14. Qxe2 {[%clk 1:30:22]} Qxd4
{[%clk 1:05:32]} 15. Bb2 {[%clk 1:30:48]} Qb6 {[%clk 0:58:31]} 16. Rac1
{[%clk 1:24:33]} Nfd7 {[%clk 0:54:26]} 17. Qg4 {[%clk 1:21:57]} Bf6
{[%clk 0:53:02]} 18. Nc4 {[%clk 1:17:07]} Qa6 {[%clk 0:51:19]} 19. e5
{[%clk 1:15:37]} Be7 {[%clk 0:51:44]} 20. Be4 {[%clk 1:09:48]} Qxa2
{[%clk 0:40:15]} 21. Ra1 {[%clk 1:05:01]} Qxb3 {[%clk 0:40:08]} 22. Rfb1
{[%clk 1:05:27]} Qxc4 {[%clk 0:13:01]} 23. Bxh7+ {[%clk 1:05:49]} Kxh7
{[%clk 0:13:29]} 24. Qxc4 {[%clk 1:06:14]} Nb6 {[%clk 0:13:41]} 25. Qe4+
{[%clk 1:06:23]} Kg8 {[%clk 0:13:56]} 26. Bd4 {[%clk 1:06:40]} Nd5
{[%clk 0:13:32]} 27. Rc1 {[%clk 0:55:51]} a5 {[%clk 0:12:33]} 28. f4
{[%clk 0:55:16]} a4 {[%clk 0:04:03]} 29. f5 {[%clk 0:55:35]} exf5
{[%clk 0:04:14]} 30. Qxf5 {[%clk 0:56:01]} b3 {[%clk 0:04:16]} 31. e6
{[%clk 0:54:08]} Bf6 {[%clk 0:02:46]} 32. Bxf6 {[%clk 0:53:26]} Nxf6
{[%clk 0:03:09]} 33. Rcb1 {[%clk 0:51:49]} Nd5 {[%clk 0:02:40]} 34. Rxb3
{[%clk 0:51:30]} fxe6 {[%clk 0:01:03]} 35. Qxe6+ {[%clk 0:51:47]} Kh8
{[%clk 0:01:30]} 36. Rba3 {[%clk 0:51:58]} Nb6 {[%clk 0:00:53]} 37. g4
{[%clk 0:52:20]} N8d7 {[%clk 0:00:51]} 38. Rh3# {[%clk 0:52:42]} 1-0

[Event "PervenstvoRT2015"]
[Site "?"]
[Date "2015.08.25"]
[Round "6.9"]
[White "Georgy, Nikitin"]
[Black "Mikhail, Krylov"]
[Result "1-0"]
[LiveChessVersion "1.4.6"]
[BlackElo "1668"]
[WhiteElo "1724"]

1. d4 {[%clk 1:30:30]} d5 {[%clk 1:30:54]} 2. c4 {[%clk 1:30:55]} c6
{[%clk 1:31:18]} 3. Nc3 {[%clk 1:31:22]} Nf6 {[%clk 1:31:38]} 4. Nf3
{[%clk 1:31:44]} e6 {[%clk 1:30:53]} 5. Bg5 {[%clk 1:32:06]} dxc4
{[%clk 1:27:39]} 6. e4 {[%clk 1:32:14]} h6 {[%clk 1:28:00]} 7. Bxf6
{[%clk 1:31:54]} Qxf6 {[%clk 1:28:18]} 8. e5 {[%clk 1:32:06]} Qd8
{[%clk 1:28:28]} 9. Bxc4 {[%clk 1:32:28]} Nd7 {[%clk 1:27:33]} 10. O-O
{[%clk 1:32:37]} c5 {[%clk 1:27:59]} 11. d5 {[%clk 1:31:15]} exd5
{[%clk 1:26:47]} 12. Qxd5 {[%clk 1:31:35]} Qe7 {[%clk 1:27:05]} 13. Nb5 Nb6
{[%clk 1:26:20]} 14. Nd6+ {[%clk 1:31:22]} Kd7 {[%clk 1:26:07]} 15. Bb5+
{[%clk 1:31:09]} Kc7 {[%clk 1:25:35]} 16. Qxc5+ {[%clk 1:31:33]} Kd8
{[%clk 1:25:19]} 17. Rfd1 {[%clk 1:31:31]} Nd7 {[%clk 1:25:00]} 18. Bxd7
{[%clk 1:31:39]} Bxd7 {[%clk 1:23:44]} 19. Nxb7+ {[%clk 1:32:05]} Ke8
{[%clk 1:24:00]} 20. Nd6+ {[%clk 1:32:30]} 1-0

[Event "PervenstvoRT2015"]
[Site "?"]
[Date "2015.08.25"]
[Round "6.10"]
[White "Emin, Aliev"]
[Black "Dmitry, Tartakovskiy"]
[Result "0-1"]
[LiveChessVersion "1.4.6"]
[BlackElo "1536"]
[WhiteElo "1669"]

1. e4 {[%clk 1:10:56]} c5 {[%clk 1:30:54]} 2. Nf3 {[%clk 1:11:18]} d6
{[%clk 1:31:21]} 3. d4 {[%clk 1:11:43]} cxd4 {[%clk 1:31:49]} 4. Nxd4
{[%clk 1:12:09]} Nf6 {[%clk 1:32:16]} 5. Nc3 {[%clk 1:12:32]} a6 {[%clk 1:32:43]}
6. Be2 {[%clk 1:10:45]} e5 {[%clk 1:33:08]} 7. Nb3 {[%clk 1:10:56]} Be6
{[%clk 1:33:16]} 8. O-O {[%clk 1:11:07]} Nbd7 {[%clk 1:32:32]} 9. Be3
{[%clk 1:11:13]} Be7 {[%clk 1:32:27]} 10. f4 {[%clk 1:11:36]} Nb6
{[%clk 1:29:45]} 11. Kh1 {[%clk 1:12:00]} Bxb3 {[%clk 1:08:41]} 12. axb3
{[%clk 1:12:02]} exf4 {[%clk 0:53:08]} 13. Rxf4 {[%clk 1:09:19]} O-O
{[%clk 0:49:24]} 14. Bd3 {[%clk 1:08:26]} g6 {[%clk 0:41:12]} 15. Qf1
{[%clk 1:06:49]} Nh5 {[%clk 0:33:41]} 16. Rf3 {[%clk 1:06:46]} Bg5
{[%clk 0:27:59]} 17. Bd4 {[%clk 1:05:38]} Ng7 {[%clk 0:26:14]} 18. Qf2
{[%clk 1:04:17]} Nd7 {[%clk 0:25:07]} 19. Bc4 {[%clk 1:04:39]} Ne6
{[%clk 0:22:49]} 20. Rf1 {[%clk 1:03:13]} Qe8 {[%clk 0:22:02]} 21. Nd5
{[%clk 0:59:39]} Rc8 {[%clk 0:17:56]} 22. h4 {[%clk 0:57:27]} Bh6
{[%clk 0:11:12]} 23. Nf6+ {[%clk 0:55:12]} Nxf6 {[%clk 0:11:28]} 24. Bxf6
{[%clk 0:55:38]} Bg7 {[%clk 0:11:21]} 25. Bxg7 {[%clk 0:56:01]} Kxg7
{[%clk 0:11:46]} 26. h5 {[%clk 0:55:31]} Ng5 {[%clk 0:07:49]} 27. Rf4
{[%clk 0:55:02]} Nxe4 {[%clk 0:06:19]} 28. Qd4+ {[%clk 0:54:57]} Qe5
{[%clk 0:05:40]} 29. Rxe4 {[%clk 0:54:34]} Qxd4 {[%clk 0:05:48]} 30. Rxd4
{[%clk 0:54:58]} b5 {[%clk 0:05:30]} 31. Bd3 {[%clk 0:55:09]} Rcd8
{[%clk 0:04:09]} 32. hxg6 {[%clk 0:55:18]} fxg6 {[%clk 0:03:36]} 33. Rxf8
{[%clk 0:55:34]} Kxf8 {[%clk 0:04:02]} 34. Rh4 {[%clk 0:55:04]} Kg7
{[%clk 0:03:53]} 35. Rf4 {[%clk 0:55:27]} Re8 {[%clk 0:03:55]} 36. Kg1
{[%clk 0:55:49]} Re6 {[%clk 0:02:17]} 37. Kf2 {[%clk 0:56:10]} d5
{[%clk 0:02:23]} 38. Rd4 {[%clk 0:56:12]} Re5 {[%clk 0:02:36]} 39. Be2
{[%clk 0:56:07]} h5 {[%clk 0:02:53]} 40. Bf3 {[%clk 0:56:29]} Rf5
{[%clk 0:02:48]} 41. Rxd5 {[%clk 0:56:53]} Rxd5 {[%clk 0:02:31]} 42. Bxd5
{[%clk 0:57:18]} Kf6 {[%clk 0:02:59]} 43. b4 {[%clk 0:57:40]} Ke5
{[%clk 0:03:07]} 44. Bb7 {[%clk 0:58:09]} Kd4 {[%clk 0:03:29]} 45. Bxa6
{[%clk 0:58:25]} Kc4 {[%clk 0:03:55]} 46. c3 {[%clk 0:58:34]} Kb3
{[%clk 0:04:21]} 47. Bxb5 {[%clk 0:58:45]} Kxb2 {[%clk 0:04:46]} 48. Be8
{[%clk 0:58:55]} Kxc3 {[%clk 0:05:08]} 49. b5 {[%clk 0:59:21]} 0-1

[Event "PervenstvoRT2015"]
[Site "?"]
[Date "2015.08.26"]
[Round "7.1"]
[White "Mikhail, Semenov"]
[Black "Timur, Khubbatov"]
[Result "0-1"]
[LiveChessVersion "1.4.6"]
[BlackElo "1913"]
[WhiteElo "1545"]

1. e4 {[%clk 1:30:57]} d5 {[%clk 1:30:58]} 2. exd5 {[%clk 1:31:24]} Nf6
{[%clk 1:31:25]} 3. Bb5+ {[%clk 1:31:40]} Bd7 {[%clk 1:31:50]} 4. Bc4
{[%clk 1:32:07]} Bg4 {[%clk 1:31:52]} 5. f3 {[%clk 1:32:12]} Bf5 {[%clk 1:32:06]}
6. Nc3 {[%clk 1:32:01]} Nbd7 {[%clk 1:32:04]} 7. Qe2 {[%clk 1:30:04]} Nb6
{[%clk 1:32:02]} 8. Bb5+ {[%clk 1:29:58]} Bd7 {[%clk 1:32:28]} 9. d6
{[%clk 1:27:55]} cxd6 {[%clk 1:32:51]} 10. d4 {[%clk 1:27:05]} Bxb5
{[%clk 1:32:56]} 11. Qxb5+ {[%clk 1:26:38]} Qd7 {[%clk 1:33:15]} 12. Qe2
{[%clk 1:26:40]} e6 {[%clk 1:29:03]} 13. Bg5 {[%clk 1:25:31]} Be7
{[%clk 1:29:28]} 14. O-O-O {[%clk 1:25:19]} O-O-O {[%clk 1:15:27]} 15. Nh3
{[%clk 1:23:34]} Kb8 {[%clk 1:14:57]} 16. Nf2 {[%clk 1:22:38]} Rc8
{[%clk 1:08:15]} 17. Kb1 {[%clk 1:20:37]} Nc4 {[%clk 1:06:54]} 18. Bxf6
{[%clk 1:18:56]} Bxf6 {[%clk 1:07:12]} 19. Nfe4 {[%clk 1:19:09]} Bd8
{[%clk 0:54:59]} 20. Ka1 {[%clk 1:16:21]} d5 {[%clk 0:54:34]} 21. Nc5
{[%clk 1:15:18]} Qc6 {[%clk 0:51:39]} 22. Qd3 {[%clk 1:10:04]} Be7
{[%clk 0:36:14]} 23. Nb3 {[%clk 1:08:37]} a5 {[%clk 0:36:20]} 24. Nd2
{[%clk 1:02:55]} Nxd2 {[%clk 0:36:32]} 25. Qxd2 {[%clk 1:03:20]} Bb4
{[%clk 0:36:59]} 26. Qf4+ {[%clk 1:03:38]} Qc7 {[%clk 0:36:24]} 27. Qxc7+
{[%clk 1:02:48]} Rxc7 {[%clk 0:36:47]} 28. Rd3 {[%clk 1:02:56]} Rhc8
{[%clk 0:37:11]} 29. Re1 {[%clk 1:02:45]} Bxc3 {[%clk 0:37:20]} 30. Rxc3
{[%clk 1:03:06]} Rxc3 {[%clk 0:37:47]} 31. bxc3 {[%clk 1:03:31]} Rxc3
{[%clk 0:38:14]} 32. Kb2 {[%clk 1:03:53]} Rc4 {[%clk 0:38:35]} 33. c3
{[%clk 1:04:18]} b5 {[%clk 0:38:44]} 34. a3 {[%clk 1:02:57]} b4 {[%clk 0:28:34]}
35. axb4 {[%clk 1:03:19]} axb4 {[%clk 0:29:01]} 36. cxb4 {[%clk 1:03:41]} Rxd4
{[%clk 0:29:27]} 37. Kc3 {[%clk 1:04:07]} Rc4+ {[%clk 0:29:53]} 38. Kb3
{[%clk 1:04:32]} Kb7 {[%clk 0:30:20]} 39. Ra1 {[%clk 1:04:37]} Rh4
{[%clk 0:30:29]} 40. h3 {[%clk 1:05:02]} g5 {[%clk 0:30:18]} 41. Ka4
{[%clk 1:05:07]} h5 {[%clk 0:30:24]} 42. Kb5 {[%clk 1:05:11]} Rc4
{[%clk 0:28:52]} 43. Re1 {[%clk 1:05:15]} Rc6 {[%clk 0:16:33]} 44. Re2
{[%clk 1:04:22]} d4 {[%clk 0:07:49]} 45. Re4 {[%clk 1:04:42]} Rd6
{[%clk 0:08:15]} 46. Kc5 {[%clk 1:05:02]} Rd5+ {[%clk 0:08:41]} 47. Kc4
{[%clk 1:05:10]} d3 {[%clk 0:09:08]} 48. Re1 {[%clk 1:05:31]} d2 {[%clk 0:09:36]}
49. Rd1 {[%clk 1:05:56]} Kb6 {[%clk 0:10:03]} 50. Kc3 {[%clk 1:06:21]} Kb5
{[%clk 0:10:29]} 51. Rxd2 {[%clk 1:06:35]} Rxd2 {[%clk 0:10:17]} 52. Kxd2
{[%clk 1:07:03]} Kxb4 {[%clk 0:10:42]} 53. Ke3 {[%clk 1:07:27]} Kc5
{[%clk 0:11:05]} 54. Ke4 {[%clk 1:07:48]} Kd6 {[%clk 0:11:00]} 55. g3
{[%clk 1:07:31]} f5+ {[%clk 0:11:16]} 56. Ke3 {[%clk 1:07:43]} e5
{[%clk 0:11:12]} 57. g4 {[%clk 1:07:16]} hxg4 {[%clk 0:11:20]} 58. hxg4
{[%clk 1:07:43]} fxg4 {[%clk 0:11:46]} 59. fxg4 {[%clk 1:08:10]} Kd5
{[%clk 0:12:13]} 60. Kd3 {[%clk 1:08:34]} e4+ {[%clk 0:12:40]} 61. Kd4+ Ke5+ 0-1

[Event "PervenstvoRT2015"]
[Site "?"]
[Date "2015.08.26"]
[Round "7.4"]
[White "Bulat, Nizamov"]
[Black "Mikhail, Galiullin"]
[Result "1-0"]
[LiveChessVersion "1.4.6"]
[BlackElo "2110"]
[WhiteElo "2117"]

1. e4 {[%clk 1:30:00]} g6 {[%clk 1:30:50]} 2. d4 {[%clk 1:30:23]} Bg7
{[%clk 1:31:15]} 3. Nc3 {[%clk 1:30:48]} d6 {[%clk 1:31:08]} 4. f4
{[%clk 1:30:46]} Nd7 {[%clk 1:30:33]} 5. Nf3 {[%clk 1:30:10]} c5 {[%clk 1:27:00]}
6. d5 {[%clk 1:26:55]} Ngf6 {[%clk 1:15:55]} 7. e5 {[%clk 1:24:30]} dxe5
{[%clk 1:15:09]} 8. fxe5 {[%clk 1:24:53]} Ng4 {[%clk 1:14:49]} 9. e6
{[%clk 1:22:39]} fxe6 {[%clk 1:01:06]} 10. dxe6 {[%clk 1:20:11]} Nde5
{[%clk 1:01:03]} 11. Bb5+ {[%clk 0:59:34]} Nc6 {[%clk 1:01:25]} 12. Qxd8+
{[%clk 0:59:57]} Kxd8 {[%clk 1:01:52]} 13. Ng5 {[%clk 0:59:17]} Nge5
{[%clk 0:51:24]} 14. Bf4 {[%clk 0:54:22]} h6 {[%clk 0:44:03]} 15. O-O-O+
{[%clk 0:48:40]} Ke8 {[%clk 0:44:16]} 16. Bxe5 {[%clk 0:48:05]} Bxe5
{[%clk 0:44:23]} 17. Nf7 {[%clk 0:48:18]} Bd4 {[%clk 0:35:02]} 18. Nxh8
{[%clk 0:48:24]} Bxh8 {[%clk 0:35:30]} 19. Rhe1 {[%clk 0:47:30]} a6
{[%clk 0:32:24]} 20. Nd5 {[%clk 0:46:16]} Rb8 {[%clk 0:31:15]} 21. Bxc6+
{[%clk 0:45:33]} bxc6 {[%clk 0:31:39]} 22. Nc7+ {[%clk 0:45:57]} Kf8
{[%clk 0:32:04]} 23. Rd8+ {[%clk 0:45:57]} Kg7 {[%clk 0:32:27]} 24. Rf1
{[%clk 0:46:14]} 1-0